000 00944cam a2200325 i 4500
001 6001
003 KOSZ 005
005 20220421084849.0
008 960707s1993 pl f |000 0 pol
040 _cKOSZ 005
_aKOSZ 005
_dKOSZ 005/HR
041 _apol
046 _k1993
080 _a627
080 _a691
080 _a666.97/.98
080 _a624.15
100 1 _aJarominiak, Andrzej
_eAutor
245 0 _aBetonowanie w wodzie i w zawiesinie iłowej /
_cAndrzej Jarominiak.
260 _aWarszawa :
_b[b.w.],
_c1993.
300 _a102, [1] s. :
_bfot., rys. ;
_c21 cm.
380 _aKsiążki
388 _a1901-2000
388 _a1989-2000
504 _aBibliogr. s. 88.
650 4 _aHydrotechnika
650 4 _aRoboty betoniarskie
658 _aArchitektura i budownictwo
856 _uhttp://koha.tu.koszalin.pl/cgi-bin/koha/opac-detail.pl?biblionumber=6001
_yKatalog online BPK
942 _cKS
_2UKD
999 _c6001
_d6001